Statystyki dla Quiz znanych marek butów

Kliknij tutaj aby rozwiązać quiz!

Ogólne statystyki

  • Ten quiz został rozwiązany 4 868 razy
  • Średni wynik to 6 z 36

Statystyki odpowiedzi

Odpowiedź% Poprawnych
Adidas
98%
Nike
98%
Puma
79%
Reebok
51%
New Balance
48%
Gucci
40%
Vans
36%
Converse
29%
Lacoste
20%
Lasocki
19%
Tommy Hilfiger
17%
Calvin Klein
14%
4F
12%
Asics
11%
Timberland
11%
Wojas
7%
Guess
6%
Ryłko
6%
Crocs
5%
Ecco
4%
House
4%
Under Armour
4%
Badura
3%
The North Face
3%
Geox
2%
Bata
1%
Caterpillar
1%
Hi - Tec
1%
Jack Wolfskin
1%
Michael Kors
1%
Tamaris
1%
Wittchen
1%
Carry
0%
Melissa
0%
Quiksilver
0%
Rieker
0%

Rozkład punktacji

Percentyl według liczby udzielonych odpowiedzi

Procent ludzi z każdym wynikiem

Twoja historia wyników

Nie rozwiązałeś tego quizu